| 000 | 00676nam a22002055a 4500 | ||
|---|---|---|---|
| 003 | OSt | ||
| 005 | 20170117114527.0 | ||
| 008 | 170116n200? xx frb 000 0 ara d | ||
| 040 |
_aEG-ScBUE _bara _cEG-ScBUE _dEG-ScBUE |
||
| 082 | 0 | 4 |
_a341 _bر ف ع _222 |
| 100 | 1 | _aرفعت، أحمد محمد. | |
| 245 | 1 | 2 |
_aالقانون الدولي الإداري / _cأحمد محمد رفعت. |
| 260 |
_a[د. م. : _bد. ن.، _c?200] |
||
| 300 |
_a327 ص. ؛ _c24 سم. |
||
| 504 | _aيشتمل على إرجاعات ببليوجرافية. | ||
| 650 | 7 |
_aالقانون الدولي الإداري. _2BUEsh |
|
| 651 | _2BUEsh | ||
| 653 |
_bLLAAWW _cJanuary2017 |
||
| 942 | _2ddc | ||
| 999 |
_c23958 _d23930 |
||